Politica deducida de las propias palabras de la Sagrada Escritura al Serenissimo Señor Delfin

Detalles Bibliográficos
Autor principal: Bossuet, Jacques Bènigne ob. de Meaux 1602-1704
Otros Autores: Fernández, Miguel José (tr.)
Formato: Libro
Lenguaje:Spanish
Publicado: en Madrid 1743
Materias:
Colección:Banco de datos
Acervo:Biblioteca Pública Central del Estado de Durango. Lic. José Ignacio Gallegos Caballero. Colección José Fernando Ramírez
Descripción Física:t. 8°
Tema general:Biblia
Notas:Portada a dos tintas con pleca en grabado xilográfico. Tomo con portada y numeración propias. Año del t. 4 publicado en 1743. Encuadernación en piel sobre cartón. Sello en tinta de la Biblioteca Pública del Estado de Durango
LEADER 01248nam a22001930004500
035 |a 902 
041 0 |a spa 
100 1 |a Bossuet, Jacques Bènigne  |c ob. de Meaux  |d 1602-1704 
245 1 0 |a Politica deducida de las propias palabras de la Sagrada Escritura al Serenissimo Señor Delfin  |c obra posthuma escrita en frances por el Illmo. Jacobo Benigno Bossuet, obispo Meldense, de el Consejo de Estado de S. M. christianissima, y governador, que fue, del mismo Serenissimo Señor ; revista, y traducida al idioma español por Don Miguèl Joseph Fernandez, Secretario del Excelentissimo Señor Marquès de Ariza, &c. 
260 |a en Madrid  |b por Antonio Marin  |c 1743 
300 |a  t.  |c 8° 
500 |a Portada a dos tintas con pleca en grabado xilográfico. Tomo con portada y numeración propias. Año del t. 4 publicado en 1743. Encuadernación en piel sobre cartón. Sello en tinta de la Biblioteca Pública del Estado de Durango 
504 |a Índice de las cosas más notables 
650 1 0 |a Biblia 
700 1 |a Fernández, Miguel José  |e tr. 
949 |a CR. t. 4 (1786) 
942 |c DURANRAM 
943 |g Biblioteca Pública Central del Estado de Durango. Lic. José Ignacio Gallegos Caballero. Colección José Fernando Ramírez 
999 |c 1077832  |d 1077832